00931nas a2200229Ia 4500001001100000003000900011008004100020040001300061040001300074041001300087100004500100210001500145222001500160245005900175250001100234260002400245501008600269300001700355362002600372500026000398650004300658R137/95211IT-RoPAU151124c99999999xx |||||||||||| ||und|| aIT-RoPAU cIT-RoPAU aITALIANO aMonaco AntoniogCodice Aut. SPICS: 45754 aMULTIMEDIA aMultimedia aMULTIMEDIA, ANNO 01-N.01 (1991)bMass Media Antidroga? a1a ed. aTORINObSONDAc1991 bPaulus - SPICS - Società San Paolo EM (non-commercial uses only)cCopyright2015 a6 p. [50-55] aANNO 001, N.01 (1991) aIniziative Italiane di Prevenzione della Droga. Uso dei Mass Media Nelle Campagne Sociali. Proposta Concreta di Mobilitazione Interattiva. Cinque Afenzie: Film Autopoietico, Autoinformazione Stampa, Autoinformazione Radio e Tv, Raccolta Delle Idee, Serviz aCOMUNICAZIONEvPUBBLICAZIONE PERIODICA